[Event "Titled Tuesday intern op 6th Aug"]
[Site "Chess.com INT"]
[Date "2019.08.06"]
[Round "2"]
[White "Kraitsberg, Michael"]
[Black "Atanasov, Anthony"]
[Result "0-1"]
[WhiteElo "2194"]
[BlackElo "1914"]
[PlyCount "80"]
[EventDate "2019.08.06"]
[EventType "swiss (blitz)"]
[EventRounds "10"]
[EventCountry "USA"]
[SourceTitle "EXT 2021"]
[Source "ChessBase"]
[SourceDate "2020.10.23"]
[SourceVersion "1"]
[SourceVersionDate "2020.10.23"]
[SourceQuality "1"]

1. Nf3 Nf6 2. g3 d5 3. Bg2 Bf5 4. 0-0 e6 5. c4 c6 6. Qb3 Qb6 7. d3 Nbd7 8. Be3 Qxb3 9. axb3 a6 10. Nc3 Bd6 11. Nh4 Bg6 12. Nxg6 hxg6 13. h3 0-0-0 14. Rac1 Kb8 15. Bg5 Nc5 16. b4 Nb3 17. c5 Nxc1 18. cxd6 Nb3 19. e4 Nd4 20. e5 Rh5 21. h4 Rxg5 22. hxg5 Ng4 23. f4 Ne3 24. Re1 Nec2 25. Rd1 Nxb4 26. Kf2 c5 27. Rh1 Nxd3+ 28. Ke3 Nxb2 29. Rh7 b5 30. Nxd5 exd5 31. Bxd5 Rf8 32. g4 Nc4+ 33. Ke4 a5 34. Rxg7 a4 35. Bxf7 a3 36. Bd5 a2 37. Rb7+ Kc8 38. Ra7 Nd2+ 39. Kd3 N2b3 40. e6 a1Q 0-1

[Event "Titled Tuesday intern op 6th Aug"]
[Site "Chess.com INT"]
[Date "2019.08.06"]
[Round "5"]
[White "Kraitsberg, Michael"]
[Black "Filgueiras, Nathan Felipe"]
[Result "0-1"]
[WhiteElo "2190"]
[BlackElo "2260"]
[PlyCount "40"]
[EventDate "2019.08.06"]
[EventType "swiss (blitz)"]
[EventRounds "10"]
[EventCountry "USA"]
[SourceTitle "EXT 2021"]
[Source "ChessBase"]
[SourceDate "2020.10.23"]
[SourceVersion "1"]
[SourceVersionDate "2020.10.23"]
[SourceQuality "1"]

1. d4 Nf6 2. c4 e6 3. g3 d5 4. Nf3 dxc4 5. Bg2 a6 6. Ne5 Bb4+ 7. Nc3 0-0 8. Nxc4 c5 9. Be3 Nd5 10. dxc5 Nxc3 11. Qb3 Nd5+ 12. Kf1 Nxe3+ 13. Qxe3 Nc6 14. a3 Ba5 15. b4 Bc7 16. f4 Qd4 17. Bxc6 Qxe3 18. Nxe3 bxc6 19. Nc4 f6 20. Kf2 e5 0-1

[Event "Titled Tuesday intern op 1st Jan"]
[Site "Chess.com INT"]
[Date "2019.01.01"]
[Round "3"]
[White "Torrente, Alejandro Josue"]
[Black "Kraitsberg, Michael"]
[Result "0-1"]
[WhiteElo "2068"]
[BlackElo "2187"]
[PlyCount "106"]
[EventDate "2019.01.01"]
[EventType "swiss (blitz)"]
[EventRounds "10"]
[EventCountry "USA"]
[SourceTitle "EXT 2021"]
[Source "ChessBase"]
[SourceDate "2020.10.23"]
[SourceVersion "1"]
[SourceVersionDate "2020.10.23"]
[SourceQuality "1"]

1. e4 c6 2. d4 d5 3. Nc3 dxe4 4. Nxe4 Nf6 5. Nxf6+ exf6 6. Bc4 Bd6 7. Nf3 0-0 8. Be3 Be6 9. Bxe6 fxe6 10. 0-0 Nd7 11. c4 e5 12. d5 c5 13. Nd2 f5 14. f3 a6 15. a4 Qh4 16. Bf2 Qh5 17. g3 Rae8 18. Re1 Qg6 19. Qc2 h5 20. a5 h4 21. Ra3 hxg3 22. hxg3 Nf6 23. Kg2 Re7 24. Rb3 Rfe8 25. Rb6 Nh5 26. Rxd6 Qxd6 27. Qxf5 g6 28. Qg5 Qf6 29. Qxf6 Nxf6 30. Bxc5 Rd7 31. b4 Kf7 32. g4 Rdd8 33. Bb6 Rd7 34. g5 Nh5 35. Ne4 Nf4+ 36. Kf2 Nd3+ 37. Ke2 Nxe1 38. Kxe1 Rc8 39. Nf6 Rd6 40. c5 Rxf6 41. gxf6 Kxf6 42. Ke2 Kf5 43. Ke3 g5 44. d6 Ke6 45. Ke4 Rf8 46. Bc7 Rf4+ 47. Ke3 Kd7 48. Bb6 Rxb4 49. Kf2 Ke6 50. Bd8 Rc4 51. Bxg5 Rxc5 52. Be7 Rxa5 53. Ke3 Rd5 0-1